[Event "SVK-chT3A2 2223"]
[Site "Slovakia"]
[Date "2023.03.19"]
[Round "9.5"]
[White "Harasta, Marian"]
[Black "Murin, Bohuslav"]
[Result "0-1"]
[WhiteElo "1675"]
[BlackElo "1883"]
[PlyCount "40"]
[EventDate "2022.10.16"]
[EventType "team-tourn"]
[EventRounds "9"]
[EventCountry "SVK"]
[SourceTitle "EXT 2024"]
[Source "ChessBase"]
[SourceDate "2023.10.10"]
[SourceVersion "1"]
[SourceVersionDate "2023.10.10"]
[SourceQuality "1"]
[WhiteTeam "Skalica"]
[BlackTeam "Hlohovec"]
[WhiteTeamCountry "SVK"]
[BlackTeamCountry "SVK"]

1. d4 c5 2. d5 e6 3. dxe6 fxe6 4. Nf3 d5 5. Bg5 Be7 6. Bxe7 Nxe7 7. e3 0-0 8. Be2 Nbc6 9. Nbd2 e5 10. e4 h6 11. exd5 Nxd5 12. c4 Nf4 13. 0-0 Bf5 14. Nb3 e4 15. Ne1 Qe7 16. Nc2 Rad8 17. Qe1 Qg5 18. Ne3 Nxg2 19. f4 exf3 20. Bxf3 Nxe1+ 0-1